Statistics for Disney World and Disneyland Resorts

Click here to take the quiz!

General Stats

  • This quiz has been taken 8 times
    (5 since last reset)
  • The average score is 6 of 24

Answer Stats

Opening DateHotelThemeNo. of RoomsResort Area% Correct
10/5/55Disneyland HotelVarious with Elements of Classic Disneyland laced through990 Reg rooms
100-200 Villas
Disneyland Park
75%
4/16/01Disney's Animal Kingdom LodgeAfrican Wildlife Preserve1,307Animal Kingdom
50%
1/5/99Disney's All Star Movie ResortDisney Films1,920Animal Kingdom
25%
11/22/94Disney's All Star Music ResortMusic1,604Animal Kingdom
25%
4/24/94Disney's All Star Sports ResortSports1,920Animal Kingdom
25%
5/31/12Disney's Art of Animation ResortDisney and Pixar Animated Films1,984Hollywood Studios
25%
11/19/90Disney's Beach Club ResortNewport Beach Cottage576EPCOT
25%
6/1/96Disney's BoardWalk InnEarly 20th Century Atlantic and Ocean City378
EPCOT
25%
10/1/88Disney's Caribbean Beach ResortCaribbean Islands1,536EPCOT
25%
10/1/71Disney's Contemporary ResortModern655Magic Kingdom
25%
8/1/97Disney's Coronado Springs ResortMexico, American Southwest1,915Animal Kingdom
25%
6/28/88Disney's Grand Floridian Resort and SpaEarly 20th Century Florida867Magic Kingdom
25%
12/20/91Disney's Old Key West ResortEarly 20th Century Key West764Disney Springs
25%
10/1/71Disney's Polynesian Village ResortSouth Pacific492Magic Kingdom
25%
12/14/03Disney's Pop Century Resort20th Century American Pop culture2,880Hollywood Studios
25%
5/17/91Disney's Port Orleans Resort-French QuarterNew Orleans French Quarter1,008Disney Springs
25%
2/2/92Disney's Port Orleans Resort- RiversideDeep South2,048Disney Springs
25%
12/16/19Disney's Riviera ResortEuropean Riviera300EPCOT
25%
5/17/04Disney's Saratoga Springs Resort and Spa1880's Upstate New York1,320Disney Springs
25%
5/28/94Disney's Wilderness LodgePacific Northwest, National Park, Service Rustic729Magic Kingdom
25%
11/5/90Disney's Yacht Club ResortMartha's Vineyard Resort621EPCOT
25%
11/19/71Disney's Fort Wilderness Resort and CampgroundRustic Woods Camping800 Campsites
409 cabins
Magic Kingdom
0%
1/2/01Disney's Grand Californian Hotel and SpaAmerican Craftsman992Disney's California Adventure
0%
1/30/24Disney's Pixar Place HotelPixar Animation Studios489Disney's California Adventure
0%

Score Distribution

Percentile by Number Answered

Percent of People with Each Score

Your Score History

You have not taken this quiz since the last reset